| 000 | 00693nab a2200229 a 4500 | ||
|---|---|---|---|
| 005 | 20210223132038.0 | ||
| 008 | 991125s1985 mx 000 0 spa u | ||
| 035 | _aUPN01000190445 | ||
| 100 | 1 | _aCastelló, Montserrat | |
| 222 | _aREVISTA LATINOAMERICANA DE PSICOLOGIA | ||
| 245 | _aEl conocimiento estratégico durante el estudio de textos en la enseñanza secundaria | ||
| 260 | _aBogotá, Colombia | ||
| 300 | _a125-141 | ||
| 362 | 0 | _a2012 Vol. 44, no. 2 | |
| 653 | 0 | _aEDUCACION SECUNDARIA | |
| 653 | 0 | _aHABITOS DE ESTUDIO | |
| 653 | 0 | _aESTRATEGIAS DE APRENDIZAJE | |
| 700 | 1 |
_aMonereo Font, Carles _933482 |
|
| 700 | 1 | _aLiesa, Eva, | |
| 700 | 1 | _ecoaut. | |
| 905 | _aArticulo | ||
| 999 |
_c162548 _d162548 |
||